| 000 | 01107nam a22002417a 4500 | ||
|---|---|---|---|
| 005 | 20170124110032.0 | ||
| 010 | _a723336 | ||
| 020 |
_c00.00 _a416770606 |
||
| 020 | _a416770703 | ||
| 035 | _a723336 | ||
| 037 | _bCen Lib/Ret | ||
| 040 |
_aDPL _bEN |
||
| 082 |
_a371.422 _bWIL |
||
| 100 |
_aWilliams, Ken _922011 |
||
| 245 |
_aThe school coundellor / _cby Ken Williams |
||
| 260 |
_aLondon _bMethuen _c1973 |
||
| 270 |
_bLondon _aII New Fetter Lane |
||
| 300 |
_aix,131p. _c21cm(Hb) |
||
| 500 | _aIncludes bibliographical references and index | ||
| 650 |
_aSpecial education -- School _922012 |
||
| 650 |
_aEducation -- Counselling relationship _922013 |
||
| 942 |
_2ddc _cEN _h371.422 _mWIL |
||
| 999 |
_c127952 _d127952 |
||